Premier League Appearances by Nationality: China - Statistics

General Stats
  • This quiz has been taken 4 times
  • The average score is 2 of 5
Answer Stats
Appearances Player % Correct
123 Sun Jihai
67%
1 Dong Fangzhuo
33%
34 Li Tie
33%
1 Li Weifeng
33%
12 Zheng Zhi
0%
No matching quizzes found
Score Distribution
Percent of People with Each Score
Percentile by Number Answered
Your Score History
You have not taken this quiz